000 01141cam a22003497a 4500
003 CHAP
005 20220329135800.0
008 971013s1972 r 00010 d
010 _a42024
011 _a42996
035 _a47126
040 _cCHAP
090 _aFolleto 579 (1972)
110 _aE.U.A. Department of Agriculture
_934876
245 1 3 _aLa alimentación del ganado lechero
250 _a2 ed.
260 _aMéxico, D. F. :
_bCentro Regional de Ayuda Técnica,
_c1972
300 _a31 p.
_b: ilus.
490 0 _aFarmer's bulletin
_v; 2153
500 _ac.3-6, 8-9 en bodega
500 _aTrad. de la 2 ed. en inglés, 1968
590 _aBATCH-UPD
_b10
_c20130110
_lUCH01
_h1729
590 _aBATCH-UPD
_b10
_c20130410
_lUCH01
_h1110
590 _aBATCH-UPD
_b10
_c20130914
_lUCH01
_h1516
590 _aCONVERSION
_b10
_c20130109
_lUCH01
_h1323
650 1 4 _aGanado lechero
_xAlimentación.
_945238
830 0 _aFarmer's bulletin
_v; 2153
_939770
901 _aBK
942 _cFOLL
949 _aFolleto 579 (1972)
_bBC
_cFOLL
_d-107189
_eTS1
_i47126
_si
949 _aFolleto 579 (1972)
_bBC
_cFOLL
_d-107190
_eTS2
_fc.2
_i47126
_si
999 _c42024
_d42024